000 00221nam a22000857a 4500
008 161124b xxu||||| |||| 00| 0 eng d
100 _91362
_aBPI india
245 _aElves and the Shoemaker
260 _aNew Delhi
_bBPI India
_c2011
999 _c4075
_d4075